000 00415nam a2200157Ia 4500
008 210210b2002 xxu||||| |||| 00| 0 eng d
020 _a0 14 302854 5
082 _a796.358092 EZES
100 _aEZEKIEL (Gulu).
245 _aSachin: story of the world's greatest batsman.
260 _aN D
_bPenguin Books
_c2002
300 _a389
650 _aSachin
690 _aAthletic & Outdoor Sports
906 _a060853
999 _c107941
_d107941